000 00569nam a2200193 i 4500
001 131416
003 ES-MaACL
005 20230906193957.0
007 t|
008 070214s1986 sp r ||||1| spa d
020 _a84-268-0157-9
100 1 _aRodríguez de Abajo, F. Javier.
_998435
245 1 0 _aProblemas de geometría descriptiva /
_cF. Javier Rodríguez de Abajo.
250 _a3ª. ed.
260 _aAlcoy :
_bMarfil,
_c1986.
300 _a220 p. ;
_c24 cm.
650 0 4 _aGeometría descriptiva-
_vProblemas.
_913101
852 _aES-MaACL
_jB-985
_bR.114995
999 _c131416
_d131416